| 000 | 02463nam a22003017a 4500 | ||
|---|---|---|---|
| 001 | 261 | ||
| 003 | OSt | ||
| 005 | 20250317075440.0 | ||
| 008 | 250224b |||||||g |||| 00| 0 eng d | ||
| 040 | _bpor | ||
| 041 | _hpor | ||
| 082 |
_aB869.93 _bM538 |
||
| 100 |
_aMendes, Ivo _d1933-2008 _9479 |
||
| 245 |
_aTem Base?!...2 / _cMendes, Ivo ; Ilustração de André Castro |
||
| 260 |
_abelo Horizonte _bGráfica São Geraldo _c1999 |
||
| 300 |
_a213 p. _bil. |
||
| 520 | _aO livro "TEM BASE?!...1, foi fruto da insistência dos meus amigos, o engenheiro José Furtado, de Araxá, e do médico Edmond Abras, de Belo Horizonte. Julguei que minha incursão pela área literária ficasse por aí. Não foi bem assim. Embora eu me retraísse por um bom período, as cobranças, mormente dos amigos de Ibiá e Araxá, eram constantes para que eu continuasse. O saudoso Nicolau Neto, jornalista e colunista social do jornal ESTADO DE MINAS, leu o livrinho e gostou dele. E também passou a me cobrar continuidade, sugerindo que eu partisse para romances. Eu agradecia e permanecia estático. Em fins do ano de 1997, recebi em minha casa a visita de Ana Paula Machado, do jornal O CLARIM, de Araxá. Na ocasião, a simpática jornalista me fez um convite para colaborar com o jornal, me oferecendo espaço para uma coluna. Foi o recomeço e daí as cobranças de intensificaram. E aí está o "TEM BASE?!...2". Traçar os retratos de nosso povo com humor, os "causos" que precisam ser registrados, me estimularam a lançar este volume. Cada morador, cada companheiro, cada conhecido, fornece nas atitudes espontâneas, nas quedas e saltos da vida, subsídios para que eu me entusiasme e os coloque no papel. Nosso povo é uma riqueza imensa de piadas e pegadas e basta o olhar objetivo e vigilante para que aquilo se transforme numa folha do meu livro. Não existe nenhuma razão subjetiva no seu conteúdo. Trata-se tão somente do registro de "causos" pitorescos ocorridos no dia a dia da gente simples e ordeira de nossa região. Quanto a sugestão do memorável jornalista Nicolau Neto, só o futuro dirá... | ||
| 650 | 0 |
_aLiteratura Brasileira _9205 |
|
| 650 | 0 |
_aEscritores Ibiaenses _9480 |
|
| 650 | 0 |
_aFatos Reais _933 |
|
| 650 | 0 |
_aTradições e Costumes _9478 |
|
| 650 | 0 |
_aCausos _9481 |
|
| 650 | 0 |
_aHistorias curtas _967 |
|
| 655 | 0 |
_aConto _968 |
|
| 655 | 0 |
_aNão Ficção _9102 |
|
| 700 |
_aAndré Castro _eIlustração _9482 |
||
| 942 |
_2ddc _n0 _cBK |
||
| 999 |
_c261 _d261 |
||